| 000 | 00980cam a2200313 i 4500 | ||
|---|---|---|---|
| 001 | 73804 | ||
| 003 | ARRUPE | ||
| 005 | 20150826111428.0 | ||
| 008 | 820507s1979 enk b 001 0beng d | ||
| 020 | _c£12.50 | ||
| 035 | _a(OCoLC)6001726 | ||
| 035 | _a(OCoLC)ocm06001726 | ||
| 035 | _a(CStRLIN)NYCG82-B16587 | ||
| 035 | _a(NNC)73804 | ||
| 040 |
_aCSt _cCSt _dMiU |
||
| 043 | _aE-FR--- | ||
| 050 | _aB2430.M694.K44 | ||
| 090 |
_aB2430.M934 _bK29 |
||
| 100 | 1 |
_aKelly, Michael. _918774 |
|
| 245 | 1 | 0 |
_aPioneer of the Catholic revival / _bthe ideas and influence of Emmanuel Mounier. _cMichael Kelly. |
| 260 |
_aLondon : _bSheed and Ward, _c1979. |
||
| 300 |
_ax, 182 p. ; _c23 cm. |
||
| 504 | _aIncludes bibliographical references and index. | ||
| 600 | 1 | 0 |
_aMounier, Emmanuel, _d1905-1950. _918775 |
| 610 | 2 | 0 |
_aCatholic Church _zFrance _xHistory _y20th century. _918776 |
| 650 | 0 |
_aPhilosophers _zFrance _vBiography. _95567 |
|
| 942 |
_2lcc _cMONOGRAPH |
||
| 999 |
_c123106 _d123106 |
||